000 00902nac a22002897a 4500
001 BR7310458
003 BR-BrBNA
005 20240105113611.0
008 230509b bl.|||m| |||| 00| 0 por d
040 _aBR-BrBNA
_bpor
_cBiblioteca Nacional de Agricultura
072 _aF10
090 _aF10 BR7310458
100 1 _aFerreira, W.A.
100 1 _aVilla Nova, N.A.
110 1 _aUniversidade de Sao Paulo, Sao Paulo (Brasil). Inst. de Geografia
_910547
245 1 _aValores tabulados de ponto de orvalho em funcao da umidade relativa e temperatura do ar
260 3 _aSao Paulo, SP (Brasil):
_c1973.
300 _a26 p.
490 _aCaderno de Ciencias da Terra (Brazil)
_vno. 36
_x
500 _aSummary (Pt)
650 _aORVALHO
650 _aTEMPERATURA
650 _aAR
650 _aUMIDADE RELATIVA
909 _a202312
_bLúcia Elande
_c55
_dLúcia Elande
942 _2AGRIS
_n0
_cMS
999 _c264605
_d264605